| 000 | 01018 a2200157 4500 | ||
|---|---|---|---|
| 003 | Nust | ||
| 005 | 20230119104750.0 | ||
| 040 | _cNust | ||
| 082 | _a694,EAS | ||
| 100 |
_aEdward W. Hobbs _9107050 |
||
| 245 |
_aEasy furniture buliding : _ba practical handbook for the home craftsman / _cEdward W. Hobbs |
||
| 260 |
_aLondon _bCassel company _c1929 |
||
| 300 | _a151 | ||
| 505 | _aMaterials and Supplies (Page-1), Tools, Their Selection and use (Page-12), Cutting and Making Joints (Page-26), Fundamental Principle of Design (Page-33), Chairs and Lounge Seats (Page-38), Tables and Stands (Page-51), Bedsteads, Divans and Ottoman (Page-63), Wardrobes and Cupboards (Page-75), Blanket Box, Linen Box, Work Box (Page-86), Nursery Furniture (Page-92), Kitchen Furniture and Equipment (Page-101), A Dressing Chest and Chest of Drawer (Page-115), Draught Screen, Bookcase, Fireside Seat and Curb (Page-121), Larder Furniture (Page-130), China Cabinet and Umbrella Stand (Page-139), Sideboards (Page-145). | ||
| 942 |
_2ddc _cBK |
||
| 999 |
_c185207 _d185207 |
||